Analýza vybraných determinantov rozhodovania finančných manažérov pri financovaní investičných projektov v SR

Hodnotenie alternatív, ktoré sú finančným manažérom dostupné k financovaniu investičných projektov. Charakteristika determinantov ich rozhodovania o spôsobe financovania investičných projektov je realizovaná analýzou vybraných makroekonomických veličín popisujúcich stav a vývoj alokačného mechanizmu...

Descrizione completa

Salvato in:
Dettagli Bibliografici
Autore principale: Farkašovská, Mária
Altri autori: Kočkin, Peter
Natura: Capitolo di libro
Lingua:slovacco
Soggetti:
Tags: Aggiungi Tag
Nessun Tag, puoi essere il primo ad aggiungerne!!

MARC

LEADER 00000nla$a2200000$$$4500
001 0068850
005 20240502071831.7
041 0 |a slo 
044 |a SK 
245 1 0 |a Analýza vybraných determinantov rozhodovania finančných manažérov pri financovaní investičných projektov v SR  |c Mária Farkašovská, Peter Kočkin 
520 |a Hodnotenie alternatív, ktoré sú finančným manažérom dostupné k financovaniu investičných projektov. Charakteristika determinantov ich rozhodovania o spôsobe financovania investičných projektov je realizovaná analýzou vybraných makroekonomických veličín popisujúcich stav a vývoj alokačného mechanizmu kapitálu a to finančného trhu v posledných rokoch. Popis relevantných externých faktorov ovplyvňujúcich proces rozhodovania o spôsobe financovania investičných projektov. Identifikácia základných faktorov, ktoré vyústili k súčasnej prevahe financovania investičných projektov v SR prostredníctvom bankového úveru. 
610 2 0 |a manažment finančný 
610 2 0 |a trh finančný 
610 2 0 |a projekty investičné 
610 2 0 |a rozhodovanie investičné 
610 2 0 |a rozhodovanie úverové 
610 2 0 |a Slovensko 
610 2 0 |a úver bankový 
100 1 |a Farkašovská, Mária 
700 1 |a Kočkin, Peter